LEADER 01274nam a2200289 u 4500 001 000000064930 003 CaOOAMICUS 005 20070226121417.0 008 011127s1977 it u000 u ita u 035 $a10911616 040 $aPUL(R)$bita 100 1 $aTodisco, Orlando,$d1938-$0(OLS)http://pul/name/526 245 13$aLa storia della filosofia in prospettiva epistemologica :$bintroduzione alle tesi fondamentali di K.R. Popper /$cOrlando Todisco. 260 $aRoma :$bAbete,$cc1976. 300 $a321 p. ;$c19 cm 490 1 $aGuide storiografiche ;$v5 500 $aInclude indici. 504 $aNote bibliografiche. 600 14$aPopper, Karl Raimund,$cSir,$d1902-1994$xFilosofia.$0(OLS)http://pul/subject/23221 650 4$aEpistemologia.$0(OLS)http://pul/subject/439 830 0$aGuide storiografiche ;$v5.$0(OLS)http://pul/title/13704 850 $aPUL 852 $aPUL$W1$xSL Filosofia 1$y2$m88 L 1$j84102$nBK-PRI$b $qStampati$B84102$CPULBib$Z2$F84102 $H $81 941 1 $a8 961 $aINV: 45157 996 $6245$aLa storia della filosofia in prospettiva epistemologica :$bintroduzione alle tesi fondamentali di K.R. Popper$9(OLS)http://pul/title/86447 996 $6260$aRoma :$bAbete$9(OLS)http://pul/publisher/48105 LEADER 01457nam a2200337 a 4500 001 000000122668 003 CaOOAMICUS 005 20100820145334.0 008 100820t2010 it u000 u ita r 020 $a978-88-89446-55-3 040 $aPUL$bita$dReb 041 1 $aita$hfre 082 04$a225.92 100 1 $aBadiou, Alain.$0(OLS)http://pul/name/54720 240 10$aSaint Paul : la fondation de l'universalisme$lItaliano.$0(OLS)http://pul/title/154613 245 10$aSan Paolo :$bla fondazione dell'universalismo /$cAlain Badiou ; traduzione di Federico Ferrari, Antonella Moscati. 250 $a2 Ed. 260 $aNapoli :$bCronopio,$cİ2010. 300 $a171 p. ;$c19 cm. 490 1 $aTessere 600 04$aPaulus,$cs., apostolo$xUniversalismo.$0(OLS)http://pul/subject/37133 700 1 $aFerrari, Federico,$d1969-$0(OLS)http://pul/name/54640 700 1 $aMoscati, Antonella.$0(OLS)http://pul/name/73680 830 0$aTessere (Cronopio).$0(OLS)http://pul/title/103046 850 $aPUL 852 $aPUL$W1$xSL Religione 3$y85$m225. 92 BADAL 1$j140899$qDDC 21$B139979$CPULBib$Z2$F139979 $H114127 $82 941 1 $a9 996 $6020$a978-88-89446-55-3$9(OLS)http://pul/number/145099 996 $6082$a225.92$9(OLS)http://pul/classification/453 996 $6245$aSan Paolo :$bla fondazione dell'universalismo$9(OLS)http://pul/title/154612 996 $6260$aNapoli :$bCronopio$9(OLS)http://pul/publisher/75496